000 00472nam a2200169 a 4500
005 20140412111242.0
008 010904s19uu xx 00 eng d
020 _a1-85758-103-2
050 _aTR(GS 372.7
_bR685 1992
100 _aRodda, George
245 _aBack to basics, bk.1 :
_cGeorge Rodda.
_bmath, for 6-7 year olds /
260 _aLondon :
_bLetts Educational,
_c1992.
300 _a32 p. ; ill.
440 _aLetts
650 _aMathematics
999 _c102792
_d102792